000
00267nam a2200109Ia 4500
008
190216s9999||||xx |||||||||||||| ||und||
100
_a
Shukla M C&Amp; Gulhan S S
245
0
_a
Office Organisation And Management
260
_b
Null
_c
1979
300
_a
236p
942
_c
BK
999
_c
5358
_d
5358